02662nam a2200217   450000500170000000800410001702000180005804100120007608200150008810000280010324500900013126000230022130000080024436500190025252019530027165000140222470000230223894200070226199900190226895201570228720260204140649.0260129b        |||||||| |||| 00| 0 eng d  a9788417656744  aEnglish  a745.5bYOU  aYoung Anastasia9216535  aNew Jewellery Techniques: Curved Scoring and Folding for Metalwork and Silversmithing  aSpainbHoakic2024  a168  b2281.03cRs.00  aPART ONE INTRODUCTION
•	A Brief History of Scoring and Folding
•	Contemporary Influences
•	Philosophy and Applications
PART TWO DIRECTORY OF TOOLS AND MATERIALS
•	Base and Ferrous Metals
•	Precious Metals
•	Tools for Scoring
•	Forming Tools
•	Tools for Cutting and Measuring
•	Heating Tools and Equipment
•	Other Resources
•	Workshop Facilities
•	Health and Safety in the Workshop
DIRECTORY OF TECHNIQUES
PRINCIPLES OF SCORING
•	Annealing Metal
•	Preparing the Wire for Scoring
•	Shaping Score Wire
•	Overview of Scoring Techniques
•	Rolling Mill Scores
•	Scoring with a Hammer and Block
•	Scoring with a Planishing Press
•	Scoring with a Vice and Blocks
•	Scoring with a Fly Press Traditional Scoring Techniques
•	Curved Scoring with Traditional Tools
•	Alternative Scoring Techniques
SINGLE-SIDED SCORES
•	Squares and Rectangles.
•	Single Curved-Score Fold
•	Squares and Rectangles
•	Double Curved-Score Fold
•	Circles and Ovals
•	Scores in Linear Forms
•	The Golden Spiral
•	Circles with Cut-Outs
•	Linear Spiral
DOUBLE-SIDED SCORES
•	Linear Scores
•	Linear Scores: Variations
•	Radial Scores
•	Cut-Outs
•	Partial Scores
PROJECTS
•	Project One: Navette Brooch
•	Project Two: Triangular Dish
•	Project Three: Fortune Cookie Pendant
COMBINING TECHNIQUES
•	Textures
•	Saw Piercing
•	Curved Surfaces
•	Curved Surfaces: Metalsmithing
•	Finishing Techniques
•	Colouring and Patination
•	Riveting
•	Soldering
•	Troubleshooting
PART THREE DESIGN
•	Introduction to Design
•	Geometric Shapes
•	Radial Scores: Variations
•	Biomorphism
•	Technical Exploration and Design
•	Modelmaking
•	Prototypes
•	Record Keeping
•	Practical Considerations for Design
REFERENCE
1.	Wire and Sheet Comparisons for Scoring
2.	Circle Dividers
3.	Radial Grid Template
4.	Square Grid Template
5.	Geometric Shapes
6.	Key to Template Diagrams
7.	Conversion tables
  aJewellery  aWells Paul9216536  cBK  c370234d370234  00102ddc4070aSOFTbSOFTd2026-01-27eDesign Book Studiog2281.03i281l0o745.5 YOUpSOFT-BK-4899r2026-01-29 07:55:23t33%v3404.52w2025-12-12yBK